Dulac's The snow queen, and other stories from Hans Andersen.

Bibliographic Details
Main Author: Andersen, H. C. (Hans Christian), 1805-1875
Other Authors: Dulac, Edmund, 1882-1953
Format: Book
Language:English
Danish
Published: Garden City, N.Y. : Doubleday, 1976.
Edition:1st ed. in the U.S.
Subjects:

MARC

Tag First Indicator Second Indicator Subfields
LEADER 00000cam a2200000 i 4500
001 in00000361521
005 20151011072206.0
008 770511r1976 nyua j 00001 eng
010 |a  76007308  
020 |z 0385116772. 
020 |a 0385116780 (lib. bdg. :)  |c $7.95 
035 |a (OCoLC)02580326 
035 |9 ABP1240AM 
040 |a DLC  |c DLC  |d TXA  |d UtOrBLW 
041 0 |a eng  |a dan 
049 |a TXAM  |c [1535882] 
050 0 0 |a PZ8.A54  |b Dr12 
082 0 |a [Fic] 
100 1 |a Andersen, H. C.  |q (Hans Christian),  |d 1805-1875. 
240 1 0 |a Tales.  |l English 
245 1 0 |a Dulac's The snow queen, and other stories from Hans Andersen. 
250 |a 1st ed. in the U.S. 
264 1 |a Garden City, N.Y. :  |b Doubleday,  |c 1976. 
300 |a 143 pages :  |b color illustrations ;  |c 24 cm. 
336 |a text  |b txt  |2 rdacontent 
337 |a unmediated  |b n  |2 rdamedia 
338 |a volume  |b nc  |2 rdacarrier 
505 0 |a The snow queen.--The emperor's new clothes.--The wind's tale.--The nightingale.--The little mermaid. 
650 0 |a Fairy tales. 
650 1 |a Fairy tales. 
700 1 |a Dulac, Edmund,  |d 1882-1953. 
740 4 |a The snow queen. 
999 |a MARS 
999 f f |s 577e4ef5-8780-3d38-9603-0f5f6e89766a  |i 00d2e1da-32a4-3e0f-8764-1a12326f1f76  |t 0 
952 f f |p ric  |a Texas A&M University  |b Rellis Campus  |c Joint Library Facility  |s JLF  |d Remote Storage  |t 0  |e PZ8.A54 Dr12  |h Library of Congress classification  |i unmediated -- volume  |m A14804361138 
998 f f |a PZ8.A54 Dr12  |t 0  |l Remote Storage